architecture quiz 1 - Statistics

General Stats
  • This quiz has been taken 6 times
  • The average score is 2 of 19
Answer Stats
Location Name Date Architects % Correct
Rome Colosseum 1st century CE unknown
83%
Rome Pantheon 125-128 CE unknown
67%
Athens Parthenon 447-432 Iktinus and Kallikrates
50%
Rome Arch of Constantine 315 CE unknown
0%
Rome Arch of Titus 1st century CE unknown
0%
Rome Campidoglio 1537 Michaelangelo
0%
Florence Cathedral 1296 Arnolfo di Cambio
0%
Venice Church of the Miracles 1480s Lombardo Workshop
0%
Cordoba Great Mosque 785 unknown
0%
Florence Hospital of the Innocents 1419 Filippo Brunelleschi and Andrea della Robbia
0%
Venice Library of St. Mark's 1537-1580s Sansovino and Scamozzi
0%
Rome New St. Peter's 1506 Bramante
0%
Vicenza Olympic Theatre 1585 Palladio and Scamozzi
0%
Florence Palazzo Medici 1440s Michelozzo
0%
Florence Palazzo Rucellai 1446 Alberti and Rossellino
0%
Mantua Sant'Andrea 1470s Alberti
0%
Rome Tempietto 1502 Bramante
0%
Vicenza Villa Capra 1565 Palladio
0%
Rome Villa Madama 1516 Raphael
0%
No matching quizzes found
Score Distribution
Percent of People with Each Score
Percentile by Number Answered
Your Score History
You have not taken this quiz